LEADER 02082nam0 22004693i 450 001 IEI0042896 005 20251003044157.0 020 $aIT$b847344 100 $a19910708d1982 ||||0itac50 ba 101 | $aita 102 $ait 181 1$6z01$ai $bxxxe 182 1$6z01$an 200 1 $aRitagliare il tempo$egli orari di lavoro nel settore tessile$fMaria Cacioppo, Luciano Pero, Anna Tempia 210 $aRoma$cEdizioni Lavoro$d1982 215 $a228 p.$d22 cm. 225 | $aStudi e ricerche$v21 410 0$1001CFI0002853$12001 $aStudi e ricerche$v21 606 $aOrario di lavoro$2FIR$3CFIC014513$9I 606 $aIndustria tessile$xOrganizzazione del lavoro$2FIR$3SBLC001495$9I 676 $a331.25$9ALTRE CONDIZIONI DI LAVORO$v21 676 $a331.257$9ORARIO DI LAVORO$v19 676 $a331.257$9ORARIO DI LAVORO$v20 676 $a331.257$9ORARI DI LAVORO$v23 696 $aOre lavorative$aOre di lavoro$aOrari lavorativi 696 $aOrganizzazione scientifica del lavoro 699 $aOrario di lavoro$yOre lavorative 699 $aOrario di lavoro$yOre di lavoro 699 $aOrario di lavoro$yOrari lavorativi 699 $aOrganizzazione del lavoro$yOrganizzazione scientifica del lavoro 700 1$aCacioppo$b, Maria$3CFIV087696$4070$0263770 701 1$aPero$b, Luciano$3BVEV004545$4070$0247003 701 1$aTempia$b, Anna$3BVEV004546$4070$0263771 790 1$aTempia Bonda$b, Anna$3BVEV291084$zTempia, Anna 801 3$aIT$bIT-000000$c19910708 850 $aIT-BN0095 901 $bNAP 01$cPOZZO LIB.$nVi sono collocati fondi di economia, periodici di ingegneria e scienze, periodici di economia e statistica e altri fondi comprendenti documenti di economia pervenuti in dono. 912 $aIEI0042896 950 0$aBiblioteca Centralizzata di Ateneo$c1 v.$d 01POZZO LIB.F. SANTI 304$e 0101 0060032075E VMA 1 v. (Precedente collocazione S 301)$fB $h20221107$i20221107 977 $a 01 996 $aRitagliare il tempo$92961430 997 $aUNISANNIO